| 000 | 00563nam a22001577a 4500 | ||
|---|---|---|---|
| 005 | 20260330100821.0 | ||
| 008 | 260330b |||||||| |||| 00| 0 eng d | ||
| 020 | _a978-1-4666-0237-3 | ||
| 100 | _aGREENLAW, RAYMOND | ||
| 245 |
_aTECHNICAL WRITING, PRESENTATION SKILLS, AND ONLINE COMMUNICATION _bPROFESSIONAL TOOLS AND INSIGHTS |
||
| 260 |
_aHERSHEY _bINFORMATION SCIENCE REFERENCE _c2012 |
||
| 300 | _aXXI, 225P. | ||
| 500 | _aINCLUDES INDEX | ||
| 650 | _a1. TECHNICAL WRITING 2. COMMUNICATION OF TECHNICAL INFORMATION 3. BUSINESS WRITING | ||
| 942 |
_2lcc _cBK |
||
| 999 |
_c216889 _d216889 |
||